000 00452nam a2200193Ia 4500
008 101110s9999 xx 000 0 und d
041 _aENGLISH
082 _bSR13845
_a657.4
100 _aChowdhary S.B.
245 _aManagement Accountancy
365 _b40
520 _aCommerce
546 _aENGLISH
630 _aManagement Accountancy
650 _aCommerce
655 _aCommerce
730 _aManagement Accountancy
942 _cBOOK
999 _c807981
_d807978